Paroles "Des gammes et des arpèges" - Les aristochats - Statistiques

Statistiques générales
  • Ce quiz a été pris 244 fois
  • Le résultat moyen est 91 sur 120
Statistiques - réponses
Personnage Paroles % Correct
Marie | Marie & Duchesse Do
99%
do
99%
mi
99%
sol
99%
arpèges
98%
et
98%
Marie, Duchesse & Toulouse Et
98%
gammes
98%
Le
96%
de
90%
fa
89%
la
83%
les
83%
des
81%
en
80%
nos
79%
ses
79%
avec
77%
musicien
75%
Berlioz Si
75%
du
74%
sa
74%
ardeur
71%
coeur
71%
il
71%
répète
71%
doit
69%
mais
67%
que
67%
vrai
66%
sortir
65%
chantant
64%
nous
63%
voix
62%
faut
61%
ce
59%
un
59%
jour
57%
répétons
53%
qu'il
52%
pratiquer
51%
son
51%
vous
50%
sache
49%
chaque
48%
vite
48%
voulons
47%
progrès
44%
encouragés
43%
beau
42%
verrons
42%
d'or
41%
travail
41%
pesant
39%
accords
38%
jouer
37%
sans
35%
permettra
34%
ravissants
34%
effort
33%
savantes
33%
apprenons
32%
valoir
32%
pourra
31%
fait
30%
fastidieux
28%
qu'on
26%
Aucun quiz correspondant
Distribution des résultats
% des personnes avec chaque résultat
Percentile par nombre de réponses
Votre historique - résultats
Vous n’avez pas pris ce quiz